|
|
|
|
| LEADER |
01699nam a2200361 a 4500 |
| 001 |
EBC866058 |
| 003 |
MiAaPQ |
| 005 |
20200520144314.0 |
| 006 |
m o d | |
| 007 |
cr cn||||||||| |
| 008 |
010412s2001 nyu sb 001 0 eng |
| 010 |
|
|
|z 2001002178
|
| 020 |
|
|
|z 0814788068 (alk. paper)
|
| 035 |
|
|
|a (MiAaPQ)EBC866058
|
| 035 |
|
|
|a (Au-PeEL)EBL866058
|
| 035 |
|
|
|a (CaPaEBR)ebr10032481
|
| 035 |
|
|
|a (OCoLC)779828391
|
| 040 |
|
|
|a MiAaPQ
|c MiAaPQ
|d MiAaPQ
|
| 050 |
|
4 |
|a Z642
|b .V35 2001
|
| 082 |
0 |
4 |
|a 346.7304/82
|2 21
|
| 100 |
1 |
|
|a Vaidhyanathan, Siva.
|
| 245 |
1 |
0 |
|a Copyrights and copywrongs
|h [electronic resource] :
|b the rise of intellectual property and how it threatens creativity /
|c Siva Vaidhyanathan.
|
| 260 |
|
|
|a New York :
|b New York University Press,
|c c2001.
|
| 300 |
|
|
|a xi, 243 p.
|
| 504 |
|
|
|a Includes bibliographical references and index.
|
| 505 |
0 |
|
|a Copyright and American culture : ideas, expressions, and democracy -- Mark Twain and the history of literary copyright -- Celluloid copyright and derivative works, or, How to stop 12 monkeys with one chair -- Hep cats and copy cats : American music challenges the copyright tradition -- The digital moment : the end of copyright?
|
| 533 |
|
|
|a Electronic reproduction. Ann Arbor, MI : ProQuest, 2015. Available via World Wide Web. Access may be limited to ProQuest affiliated libraries.
|
| 650 |
|
0 |
|a Copyright
|x Social aspects
|z United States.
|
| 650 |
|
0 |
|a Copyright
|z United States
|x History.
|
| 651 |
|
0 |
|a United States
|x Cultural policy.
|
| 655 |
|
4 |
|a Electronic books.
|
| 710 |
2 |
|
|a ProQuest (Firm)
|
| 856 |
4 |
0 |
|u https://ebookcentral.proquest.com/lib/matrademy/detail.action?docID=866058
|z Click to View
|